000 00573nam a22001817a 4500
005 20251108172918.0
008 250721s2004 xx 000 0 ara d
082 1 4 _a956.421/زرو
100 1 _aالزرو، نواف
245 1 0 _aنابلس تتحدى الحصار : قصة صمود أسطوري في مدينة جبل النار /
264 1 _aعمان :
_bالمؤلف،
_c2004.
300 _a239 ص
650 1 7 _aتاريخ فلسطين
650 1 7 _aتاريخ إسرائيل
650 1 7 _aالمجازر البشرية
942 _2ddc
_cBK
999 _c91613
_d91613